Géographie de l'Amérique du Nord par lettre - D - Statistiques

Statistiques générales
  • Ce quiz a été pris 262 fois
  • Le résultat moyen est 11 sur 18
Statistiques - réponses
Indice Réponse % Correct
Devise monétaire de 14 pays Dollar
99%
Le Groenland fait partie de ce pays Danemark
92%
John F. Kennedy y a été assassiné Dallas
91%
2e plus grande ville californienne San {Diego}
88%
Les deux états directement à l'ouest du Minnesota Dakota du Nord
82%
Dakota du Sud
82%
Doit son développement à l'industrie automobile Détroit
81%
Plus grande ville du Colorado Denver
79%
Le premier état américain Delaware
74%
Nom colonial d'Haïti Saint-{Domingue}
68%
Biome qui recouvre 80% de l'Arizona Désert
64%
Le premier a été construit en Californie; le deuxième près d'Orlando Disneyland
64%
Son perroquet en fait le drapeau avec le plus de violet Dominique
57%
Le D.C. dans Washington D.C. District of Columbia
42%
Point culminant du continent, situé en Alaska Denali
33%
Capitale de l'Iowa Des Moines
25%
Capitale du précédent Dover
17%
Plus grande île inhabitée du monde,au Nunavut Île {Devon}
5%
Aucun quiz correspondant
Distribution des résultats
% des personnes avec chaque résultat
Percentile par nombre de réponses
Votre historique - résultats
Vous n’avez pas pris ce quiz